Introducción a una clínica diferencial de las psicosis / (Registro nro. 3322)

Detalles MARC
000 -CABECERA
campo de control de longitud fija 00928nam a22002537a 4500
003 - IDENTIFICADOR DEL NÚMERO DE CONTROL
campo de control AR-RoIUNI
005 - FECHA Y HORA DE LA ÚLTIMA TRANSACCIÓN
campo de control 20210303122418.0
007 - CAMPO FIJO DE DESCRIPCIÓN FÍSICA--INFORMACIÓN GENERAL
campo de control de longitud fija ta
008 - DATOS DE LONGITUD FIJA--INFORMACIÓN GENERAL
campo de control de longitud fija 160927s1991 ag |||||r|||| 00| 0 spa d
020 ## - NÚMERO INTERNACIONAL ESTÁNDAR DEL LIBRO
Número Internacional Estándar del Libro 9506022321
040 ## - FUENTE DE LA CATALOGACIÓN
Centro/agencia transcriptor AR-RoIUNI
080 ## - NÚMERO DE LA CLASIFICACIÓN DECIMAL UNIVERSAL
Número de la Clasificación Decimal Universal 159.923.3
100 1# - ENTRADA PRINCIPAL--NOMBRE DE PERSONA
Nombre de persona Calligaris, Contardo,
Fechas asociadas al nombre 1948-
9 (RLIN) 14
245 10 - MENCIÓN DE TÍTULO
Título Introducción a una clínica diferencial de las psicosis /
Mención de responsabilidad, etc. Contardo Calligaris.
260 ## - PUBLICACIÓN, DISTRIBUCIÓN, ETC. (PIE DE IMPRENTA)
Lugar de publicación, distribución, etc. Buenos Aires :
Nombre del editor, distribuidor, etc. Nueva Visión,
Fecha de publicación, distribución, etc. c1991.
300 ## - DESCRIPCIÓN FÍSICA
Extensión 143 p. ;
Dimensiones 20 cm.
490 0# - MENCIÓN DE SERIE
Mención de serie Colección Freud♦Lacan
505 0# - NOTA DE CONTENIDO CON FORMATO
Nota de contenido con formato 1. La estructura psicótica fuera de la crisis -- 2. Desencadenamiento y evolución de la crisis -- 3. Diferenciación de la psicosis -- 4. La transferencia psicótica -- 5. Discusión de un caso -- 6. Análisis con pacientes psicóticos -- 7. Viático.
650 #4 - PUNTO DE ACCESO ADICIONAL DE MATERIA--TÉRMINO DE MATERIA
Término de materia o nombre geográfico como elemento inicial PSICOLOGÍA
9 (RLIN) 108
650 #4 - PUNTO DE ACCESO ADICIONAL DE MATERIA--TÉRMINO DE MATERIA
Término de materia o nombre geográfico como elemento inicial PSICOANÁLISIS
650 #4 - PUNTO DE ACCESO ADICIONAL DE MATERIA--TÉRMINO DE MATERIA
Término de materia o nombre geográfico como elemento inicial PSICOSIS
650 #4 - PUNTO DE ACCESO ADICIONAL DE MATERIA--TÉRMINO DE MATERIA
Término de materia o nombre geográfico como elemento inicial SUJETO
942 ## - ELEMENTOS DE PUNTO DE ACCESO ADICIONAL (KOHA)
Fuente del sistema de clasificación o colocación Clasificación Decimal Universal
Tipo de ítem Koha Libros
Existencias
Estado de retiro Estado de pérdida Fuente del sistema de clasificación o colocación Estado dañado Excepción de préstamo Código de colección Localización permanente Ubicación/localización actual Ubicación en estantería Fecha de adquisición Número de inventario Total de préstamos Renovaciones totales Signatura topográfica completa Código de barras Fecha visto por última vez Fecha del último préstamo Número de copia Precio válido a partir de Tipo de ítem Koha Nota pública
    Clasificación Decimal Universal     Psicología BIBLIOTECA RIOBAMBA BIBLIOTECA RIOBAMBA BIBLIOTECA RIOBAMBA 22/08/2016 3420 2 2 159.923.3 CAL 3420 29/09/2025 10/06/2024 1 27/09/2016 Libros Donación Pablo Zöpke